Mixed Word: 5 Letter A-Z XV Quiz Stats

Quiz Updated Sep 28, 2017

Challenge
Share
Tweet
Embed
Score 0/26 Timer 03:00
4 Plays Today
Scramble Unscramble % Correct
AKCBLBLACK
99.6%
HFLSUFLUSH
98.9%
EREYVEVERY
98.5%
AONLEALONE
97.9%
MNHUAHUMAN
97.3%
KCARCCRACK
96.5%
MCTAHMATCH
96.4%
RNUODROUND
96.3%
SNIOENOISE
95.5%
UENIRURINE
95.2%
TIARNTRAIN
94.6%
HICWHWHICH
94.6%
LLJYOJOLLY
94.4%
Scramble Unscramble % Correct
CAENDDANCE
94.3%
TQARUQUART
93.5%
WSDORSWORD
93.5%
LGNDAGLAND
91.9%
IROBTORBIT
90.1%
KREPOPOKER
88.5%
AOLCVVOCAL
84.8%
NXAXAXANAX
84.2%
USEOLLOUSE
78.3%
RKIYBKIRBY
75.4%
IISHRIRISH
68.2%
EYTANYENTA
38.4%
OYTLZZLOTY
28.2%

You're not logged in!

Compare scores with friends on all Sporcle quizzes.
Join for Free
OR
Log In

You Might Also Like...

Show Comments

Extras

Top Quizzes Today


Score Distribution

Your Account Isn't Verified!

In order to create a playlist on Sporcle, you need to verify the email address you used during registration. Go to your Sporcle Settings to finish the process.

Report this User

Report this user for behavior that violates our Community Guidelines.

Details: